स्याणपत (Record no. 121404)

MARC details
000 -LEADER
fixed length control field 00436nam a2200145Ia 4500
008 - FIXED-LENGTH DATA ELEMENTS--GENERAL INFORMATION
fixed length control field 230917s9999||||xx |||||||||||||| ||und||
040 ## - CATALOGING SOURCE
-- 175892
Original cataloging agency VIVEKANANDA LIBRARY
041 ## - Language
-- English
082 ## - DDC NUMBER
Classification number 891.49150301741 DR536SY
100 ## - MAIN ENTRY--PERSONAL NAME
Personal name धनखड़, राजबीर सिंह
245 #0 - TITLE STATEMENT
Title स्याणपत
260 ## - PUBLICATION, DISTRIBUTION, ETC. (IMPRINT)
Place of publication, distribution, etc रोहतक
Name of publisher, distributor, etc तोषी पब्लिकेशन
Date of publication, distribution, etc 2000
300 ## - PHYSICAL DESCRIPTION
Pages 106 पृ. p.
942 ## - ADDED ENTRY ELEMENTS (KOHA)
Koha item type Hindi Books
Holdings
Withdrawn status Lost status Damaged status Not for loan Location (home branch) Sublocation or collection (holding branch) Date acquired Koha issues (times borrowed) Koha full call number Accession No. Koha date last seen Koha item type
        VIVEKANANDA LIBRARY VIVEKANANDA LIBRARY 30/12/2010   891.49150301741 DR536SY 214639 17/09/2023 Hindi Books
        VIVEKANANDA LIBRARY VIVEKANANDA LIBRARY 30/12/2010   891.49150301741 DR536SY 335368 17/09/2023 Hindi Books
        VIVEKANANDA LIBRARY VIVEKANANDA LIBRARY 30/12/2010   891.49150301741 DR536SY 335369 17/09/2023 Hindi Books
© Designed and Maintained by Vivekananda Library, MDU Rohtak